Battlefield 4 Multiplayer Maps by Images - Statistics

General Stats
  • This quiz has been taken 85 times
  • The average score is 15 of 32
Answer Stats
Picture Answer % Correct
Caspian Border
81%
Zavod 311
78%
Siege of Shanghai
76%
Golmud Railway
72%
Operation Firestorm
72%
Operation Locker
72%
Operation Metro
65%
Rogue Transmission
65%
Dawnbreaker
64%
Flood Zone
64%
Hainan Resort
64%
Lancang Dam
57%
Paracel Storm
57%
Propaganda
55%
Silk Road
51%
Gulf of Oman
50%
Pearl Market
41%
Dragon Valley
38%
Altai Range
36%
Giants of Karelia
34%
Lost Islands
31%
Operation Whiteout
30%
Hammerhead
28%
Hangar 21
28%
Guilin Peaks
26%
Lumphini Garden
26%
Operation Mortar
24%
Sunken Dragon
23%
Dragon Pass
22%
Wave Breaker
22%
Operation Outbreak
20%
Nansha Strike
18%
No matching quizzes found
Score Distribution
Percent of People with Each Score
Percentile by Number Answered
Your Score History
You have not taken this quiz